Transformers & Induction Motors/ (Record no. 36315)
[ view plain ]
| 000 -LEADER | |
|---|---|
| fixed length control field | 00497nam a22001697a 4500 |
| 005 - DATE AND TIME OF LATEST TRANSACTION | |
| control field | 20240806130646.0 |
| 008 - FIXED-LENGTH DATA ELEMENTS--GENERAL INFORMATION | |
| fixed length control field | 240806b |||||||| |||| 00| 0 eng d |
| 020 ## - INTERNATIONAL STANDARD BOOK NUMBER | |
| ISBN | 978-81-317-6276-5 |
| 082 ## - DEWEY DECIMAL CLASSIFICATION NUMBER | |
| Classification number | 621.319 |
| Item number | MUR-T. |
| 100 ## - MAIN ENTRY--AUTHOR | |
| Author Name | Murthy, A. S Aravinda |
| 245 ## - TITLE STATEMENT | |
| Title | Transformers & Induction Motors/ |
| Statement of responsibility, etc. | by A. S Aravinda Murthy |
| 260 ## - PUBLICATION, DISTRIBUTION, ETC. | |
| Place of Publication | India : |
| Name of publisher, distributor, etc. | Sanguine ; |
| Date of publication, distribution, etc. | 2010 . |
| 300 ## - PHYSICAL DESCRIPTION | |
| Pages | xvi, 464 p. : |
| 500 ## - GENERAL NOTE | |
| General note | Include Index. |
| 650 ## - SUBJECT ADDED ENTRY--TOPICAL TERM | |
| Subject / Department | Electrical/Engineering |
| 300 ## - PHYSICAL DESCRIPTION | |
| -- | ill ; |
| -- | 24 cm. |
| 952 ## - LOCATION AND ITEM INFORMATION (KOHA) | |
| -- | 0 |
| -- | 0 |
| 952 ## - LOCATION AND ITEM INFORMATION (KOHA) | |
| -- | 0 |
| -- | 0 |
| 952 ## - LOCATION AND ITEM INFORMATION (KOHA) | |
| -- | 0 |
| -- | 0 |
| 952 ## - LOCATION AND ITEM INFORMATION (KOHA) | |
| -- | 0 |
| -- | 0 |
| 952 ## - LOCATION AND ITEM INFORMATION (KOHA) | |
| -- | 0 |
| -- | 0 |
| 952 ## - LOCATION AND ITEM INFORMATION (KOHA) | |
| -- | 0 |
| -- | 0 |
| 952 ## - LOCATION AND ITEM INFORMATION (KOHA) | |
| -- | 0 |
| -- | 0 |
| 952 ## - LOCATION AND ITEM INFORMATION (KOHA) | |
| -- | 0 |
| -- | 0 |
| Lost status | Damaged status | Collection code | Permanent Location | Current Location | Shelving Location | Date acquired | Full Call Number | Accession No./Barcode | Date last seen | Copy number | item type | Koha item type |
|---|---|---|---|---|---|---|---|---|---|---|---|---|
| Engineering | Superior Information Resource Center (SIRC) Superior University- Central Library | Superior Information Resource Center (SIRC) Superior University- Central Library | Electrical | 08/06/2024 | 621.319 MUR-T 2010 | 7852 | 08/06/2024 | 1 | BOOK | BOOK | ||
| Engineering | Superior Information Resource Center (SIRC) Superior University- Central Library | Superior Information Resource Center (SIRC) Superior University- Central Library | Electrical | 08/06/2024 | 621.319 MUR-T 2010 | 7853 | 08/06/2024 | 2 | BOOK | BOOK | ||
| Engineering | Superior Information Resource Center (SIRC) Superior University- Central Library | Superior Information Resource Center (SIRC) Superior University- Central Library | Electrical | 08/06/2024 | 621.319 MUR-T 2010 | 7854 | 08/06/2024 | 3 | BOOK | BOOK | ||
| Engineering | Superior Information Resource Center (SIRC) Superior University- Central Library | Superior Information Resource Center (SIRC) Superior University- Central Library | Electrical | 08/06/2024 | 621.319 MUR-T 2010 | 7855 | 08/06/2024 | 4 | BOOK | BOOK | ||
| Engineering | Superior Information Resource Center (SIRC) Superior University- Central Library | Superior Information Resource Center (SIRC) Superior University- Central Library | Electrical | 08/06/2024 | 621.319 MUR-T 2010 | 7856 | 08/06/2024 | 5 | BOOK | BOOK | ||
| Engineering | Superior Information Resource Center (SIRC) Superior University- Central Library | Superior Information Resource Center (SIRC) Superior University- Central Library | Electrical | 08/06/2024 | 621.319 MUR-T 2010 | 9597 | 08/06/2024 | 8 | BOOK | BOOK | ||
| Engineering | Superior Information Resource Center (SIRC) Superior University- Central Library | Superior Information Resource Center (SIRC) Superior University- Central Library | Electrical | 08/06/2024 | 621.319 MUR-T 2010 | 9595 | 08/06/2024 | 6 | BOOK | BOOK | ||
| Engineering | Superior Information Resource Center (SIRC) Superior University- Central Library | Superior Information Resource Center (SIRC) Superior University- Central Library | Electrical | 08/06/2024 | 621.319 MUR-T 2010 | 9596 | 08/06/2024 | 7 | BOOK | BOOK |
